Versi degli animali - Quiz n°2 - Statistics

Statistiche generali
  • Questo quiz è stato fatto 84 volte
  • Il punteggio medio è 6 su 10
Statistiche sulle risposte
Hint Risposta % Corretto
Belare Capra
97%
Squittire Topo
95%
Barrire Elefante
89%
Cinguettare Rondine
68%
Fischiare Merlo
57%
Bramire Alcee
48%
Paupulare Pavone
48%
Cantare Balena
29%
Gridare Ghiandaia
25%
Stridire Cigno
10%
Nessun quiz corrispondente trovato
Distribuzione punteggi
Percentuale di utenti per punteggio
Percentile per numero di risposta
I tuoi punteggi nel tempo
Non hai fatto questo quiz